000 00396nam a22001457a 4500
999 _c7728
_d7726
005 20210322122657.0
008 210322b ||||| |||| 00| 0 eng d
082 _a346.066
100 _aAIYAR, A.N.
_96466
245 _aCOMPANY CASES THE CORPORATE LAW WEEKLY [VOL-212]
260 _aCHENNAI
_bCOMPANY LAW INSTITUTE OF INDIA
_c2019
300 _a804, i-xxiv;p
650 _aLAW
_95701
942 _cJRL